| 000 | 00466 a2200157 4500 | ||
|---|---|---|---|
| 003 | OSt | ||
| 005 | 20231218161146.0 | ||
| 008 | 231218b |||||||| |||| 00| 0 eng d | ||
| 020 | _a9789352292929 | ||
| 040 | _coclc | ||
| 082 |
_a891.433 _bCHO/N |
||
| 100 |
_aChoudhary, Rajkamal _910160 |
||
| 245 |
_aNADI BAHTI THI / _cRaj Kamal Choudhary |
||
| 260 |
_aNew Delhi: _bVani Prakashan, _c2001. |
||
| 942 |
_2ddc _cBK _h891.433 _iCHO/N _k891.433 _mCHO/N |
||
| 999 |
_c43492 _d43492 |
||